000 01806cam a22003014a 4500
001 12331326
005 20160920105159.0
008 010301t20012000maua b 001 0 eng
010 _a 2001024165
020 _a0-674-006542 (alk. paper)
040 _aDLC
_cDLC
_dDLC
042 _apcc
050 0 0 _aQH324.2
_b.G73 2001
082 0 0 _aDC 570.113
_22000
_bG75c
100 1 _aGrand, Steve.
245 1 0 _aCreation :
_blife and how to make it /
_cSteve Grand.
260 _aCambridge, Mass. :
_bHarvard University Press,
_c2001, c2000.
300 _ax, 230 pages :
_billustrations ;
_c24 cm.
504 _aIncludes bibliographical references (p. [219]-220).
505 8 _aMachine generated contents note: 1 Failing the test 12 -- 2 Lies, damned lies and linguistics 22 -- 3 A guide to the intangible 33 -- 4 Levels of being and the general scheme of things 42 -- 5 The importance of being emergent 61 -- 6 Looking-glass worlds 70 -- 7 They call me Legion; for I am many 84 -- 8 On the balance of nature 98 -- 9 God's Lego set 120 -- 10 The whole iguana 134 -- 11 Igor, hand me that screwdriver 146 -- 12 I am Ron's brain 158 -- 13 Three parts gin to one of vermouth 174 -- 14 Taking over the world 195 -- 15 Vapourware 205.
650 0 _aBiological systems
_xComputer simulation.
650 0 _aArtificial intelligence.
650 0 _aArtificial life.
856 4 1 _3Table of contents
_uhttp://www.loc.gov/catdir/toc/fy031/2001024165.html
906 _a7
_bcbc
_corignew
_d1
_eocip
_f20
_gy-gencatlg
942 _2ddc
_cDC
999 _c4713
_d4713